Engineering Mechanics Statics / (Record no. 31654)
[ view plain ]
| 000 -LEADER | |
|---|---|
| fixed length control field | 00385nam a22001697a 4500 |
| 003 - CONTROL NUMBER IDENTIFIER | |
| control field | NUST |
| 020 ## - INTERNATIONAL STANDARD BOOK NUMBER | |
| International Standard Book Number | 9971514230 |
| 038 ## - RECORD CONTENT LICENSOR | |
| Staff Name | khadija |
| 082 ## - DEWEY DECIMAL CLASSIFICATION NUMBER | |
| Classification number | 620.1 |
| Author Mark | MER |
| 100 ## - MAIN ENTRY--PERSONAL NAME | |
| Personal name | Meriam |
| 9 (RLIN) | 87241 |
| 245 ## - TITLE STATEMENT | |
| Title | Engineering Mechanics Statics / |
| Statement of responsibility, etc. | J.L. Meriam |
| 250 ## - EDITION STATEMENT | |
| Edition statement | 5th |
| 260 ## - PUBLICATION, DISTRIBUTION, ETC. | |
| Place of publication, distribution, etc. | New Delhi: |
| Name of publisher, distributor, etc. | wiley: |
| Date of publication, distribution, etc. | 2002. |
| 300 ## - PHYSICAL DESCRIPTION | |
| Extent | 494p:, |
| Other physical details | 24 cm. |
| 563 ## - BINDING INFORMATION | |
| Binding note | Paper back |
| 942 ## - ADDED ENTRY ELEMENTS (KOHA) | |
| Koha item type | Book |
| Source of classification or shelving scheme | |
| Withdrawn status | Lost status | Source of classification or shelving scheme | Damaged status | Not for loan | Permanent Location | Current Location | Shelving location | Date acquired | Total Checkouts | Full call number | Barcode | Date last seen | Date last checked out | Price effective from | Koha item type |
|---|---|---|---|---|---|---|---|---|---|---|---|---|---|---|---|
| School of Mechanical & Manufacturing Engineering (SMME) | School of Mechanical & Manufacturing Engineering (SMME) | Text Books | 06/29/2015 | 2 | 620.1 MER | SMME-171 | 01/12/2024 | 12/12/2023 | 06/29/2015 | Book |
